<?xml version="1.0" encoding="UTF-8"?>
<record
    xmlns:xsi="http://www.w3.org/2001/XMLSchema-instance"
    xsi:schemaLocation="http://www.loc.gov/MARC21/slim http://www.loc.gov/standards/marcxml/schema/MARC21slim.xsd"
    xmlns="http://www.loc.gov/MARC21/slim">

  <leader>03319nam a22003017a 4500</leader>
  <controlfield tag="003">AGN</controlfield>
  <controlfield tag="005">20250304141510.0</controlfield>
  <controlfield tag="008">210705b           ||||| |||| 00| 0 spa d</controlfield>
  <datafield tag="020" ind1=" " ind2=" ">
    <subfield code="a">978-9945-613-45-2</subfield>
  </datafield>
  <datafield tag="040" ind1=" " ind2=" ">
    <subfield code="a">AGN</subfield>
    <subfield code="b">Spa</subfield>
    <subfield code="c">AGN</subfield>
    <subfield code="e">RCAA</subfield>
  </datafield>
  <datafield tag="041" ind1=" " ind2=" ">
    <subfield code="a">spa</subfield>
  </datafield>
  <datafield tag="082" ind1=" " ind2=" ">
    <subfield code="a">027.7293 E56m 2018</subfield>
  </datafield>
  <datafield tag="111" ind1=" " ind2=" ">
    <subfield code="a">Encuentro Nacional de Archivos de la Rep&#xFA;blica Dominicana (6&#xBA; : 13 14 y 15 junio : 2018 : Santo Domingo)</subfield>
  </datafield>
  <datafield tag="245" ind1=" " ind2=" ">
    <subfield code="a">Memorias del 6.&#xBA; Encuentro Nacional de Archivos :</subfield>
    <subfield code="b">gesti&#xF3;n documental : administraci&#xF3;n electr&#xF3;nica : Santo Domingo, 13-15 de junio de 2018 / </subfield>
    <subfield code="c">cuidado de edici&#xF3;n : Raymundo Gonz&#xE1;lez, &#xC1;ngel Hern&#xE1;ndez ; diagramaci&#xF3;n y dise&#xF1;o de portada : Yahaira Fern&#xE1;ndez V&#xE1;squez </subfield>
  </datafield>
  <datafield tag="260" ind1=" " ind2=" ">
    <subfield code="a">Santo Domingo :</subfield>
    <subfield code="b">Archivo General de la Naci&#xF3;n, </subfield>
    <subfield code="c">2020</subfield>
  </datafield>
  <datafield tag="300" ind1=" " ind2=" ">
    <subfield code="a">156 p. :</subfield>
    <subfield code="b">cuadros, fotograf&#xED;as, ilustraciones</subfield>
  </datafield>
  <datafield tag="490" ind1=" " ind2=" ">
    <subfield code="a">Archivo General de la Naci&#xF3;n ;</subfield>
    <subfield code="v">Volumen 378</subfield>
  </datafield>
  <datafield tag="505" ind1=" " ind2=" ">
    <subfield code="a">Presentaci&#xF3;n, 9.-- Discurso de apertura: &#xAB;Gesti&#xF3;n documental y administraci&#xF3;n electr&#xF3;nica&#xBB; / Roberto Cass&#xE1;, 11.-- Los desaf&#xED;os de la gesti&#xF3;n del documento electr&#xF3;nico desde una perspectiva archiv&#xED;stica / Ram&#xF3;n Alberch i Fugueras, 21.-- Marco normativo de tecnolog&#xED;as de la informaci&#xF3;n y comunicaci&#xF3;n / Glenny Castro, 31.-- La gesti&#xF3;n de los datos de car&#xE1;cter personal en los archivos a trav&#xE9;s del nuevo reglamento europeo de protecci&#xF3;n de datos personales / Cristina D&#xED;az Mart&#xED;nez, 37.-- Normas sobre tecnolog&#xED;as de la informaci&#xF3;n y comunicaci&#xF3;n NORTIC A2, A3 y E1 para el desarrollo y gesti&#xF3;n de los medios Web, Datos Abiertos y Redes Sociales de Estado Dominicano / Hu&#xE1;scar Fr&#xED;as Vilorio, 49.-- Aspectos legales de la Firma Digital en Rep&#xFA;blica Dominicana / Jasm&#xED;n Fabr&#xE9;, 59.-- Oficina paperless: los pasos previos / Marie-France Balasse, 63.-- La gesti&#xF3;n de documentos electr&#xF3;nicos en la Comunidad de Madrid / Antonio Gonz&#xE1;lez Quintana, 77.-- Firma Digital en la gesti&#xF3;n documental / Jasm&#xED;n Fabr&#xE9;, 99.-- La transici&#xF3;n del documento anal&#xF3;gico al documento digital: problemas y retos para la administraci&#xF3;n p&#xFA;blica actual / Ram&#xF3;n Aguilera Murgu&#xED;a, 103.-- Plenaria: implementaci&#xF3;n del Archivo Digital Nacional / Erika Rangel, 111.-- El legado digital de la Junta Central Electoral / Juan Karlos Salad&#xED;n, 115.-- &#xCD;ndice de uso de TIC e implementaci&#xF3;n de Gobierno Electr&#xF3;nico en el Estado Dominicano / Melvin Hilario, 121.-- Gobierno Digital / Armando Garc&#xED;a, 129.-- Palabras de clausura del 6.&#xBA; Encuentro Nacional de Archivos / Jos&#xE9; V&#xED;lchez, 131.-- Anexos, 135.-- Lista de participantes por instituci&#xF3;n, 137.-- Programa del evento, 145.-- Fotos 6.&#xBA; Encuentro Nacional de Archivos, 147.</subfield>
  </datafield>
  <datafield tag="650" ind1=" " ind2=" ">
    <subfield code="a">Archivos</subfield>
    <subfield code="x">Congresos, conferencias, etc.</subfield>
    <subfield code="z">Rep&#xFA;blica Dominicana</subfield>
  </datafield>
  <datafield tag="650" ind1=" " ind2=" ">
    <subfield code="a">Gesti&#xF3;n documental</subfield>
  </datafield>
  <datafield tag="650" ind1=" " ind2=" ">
    <subfield code="a">Administraci&#xF3;n electr&#xF3;nica</subfield>
  </datafield>
  <datafield tag="700" ind1=" " ind2=" ">
    <subfield code="a">Gonz&#xE1;lez, Raymundo, </subfield>
    <subfield code="e">cuidado de edici&#xF3;n</subfield>
    <subfield code="d">1961-</subfield>
    <subfield code="q">(Gonz&#xE1;lez de Pe&#xF1;a, Raymundo Manuel)</subfield>
  </datafield>
  <datafield tag="700" ind1=" " ind2=" ">
    <subfield code="a">Hern&#xE1;ndez, &#xC1;ngel,</subfield>
    <subfield code="e">cuidado de edici&#xF3;n</subfield>
  </datafield>
  <datafield tag="700" ind1=" " ind2=" ">
    <subfield code="a">Fern&#xE1;ndez V&#xE1;squez, Yahaira,  </subfield>
    <subfield code="e">diagramaci&#xF3;n y dise&#xF1;o de portada</subfield>
  </datafield>
  <datafield tag="710" ind1=" " ind2=" ">
    <subfield code="a">Rep&#xFA;blica Dominicana</subfield>
    <subfield code="b">Archivo General de la Naci&#xF3;n</subfield>
  </datafield>
  <datafield tag="856" ind1=" " ind2=" ">
    <subfield code="u">http://colecciones.agn.gob.do/opac/ficha.php?informatico=00117790PI&amp;suposi=1&amp;idpag=279026603&amp;codopac=OPPUB&amp;presenta=digitaly2p#viajeinicial</subfield>
  </datafield>
  <datafield tag="942" ind1=" " ind2=" ">
    <subfield code="2">ddc</subfield>
    <subfield code="c">LIB</subfield>
    <subfield code="m">027.7293 E56m 2018</subfield>
    <subfield code="n">0</subfield>
  </datafield>
  <datafield tag="999" ind1=" " ind2=" ">
    <subfield code="c">12502</subfield>
    <subfield code="d">12502</subfield>
  </datafield>
  <datafield tag="952" ind1=" " ind2=" ">
    <subfield code="0">0</subfield>
    <subfield code="1">0</subfield>
    <subfield code="2">ddc</subfield>
    <subfield code="4">0</subfield>
    <subfield code="7">0</subfield>
    <subfield code="a">IDEICE</subfield>
    <subfield code="b">IDEICE</subfield>
    <subfield code="d">2025-02-18</subfield>
    <subfield code="l">0</subfield>
    <subfield code="o">027.7293 E56m 2018</subfield>
    <subfield code="r">2025-02-18 15:35:12</subfield>
    <subfield code="u">https://biblioteca.agn.gob.do/cgi-bin/koha/opac-detail.pl?biblionumber=60160&amp;query_desc=kw%2Cwrdl%3A%20gesti%C3%B3n%20documental</subfield>
    <subfield code="w">2025-02-18</subfield>
    <subfield code="y">LIB</subfield>
  </datafield>
</record>
